00406nam a2200157Ia 4500008004100000020001800041041001200059082002000071100003800091245002700129250001200156260004500168300001300213300001100226500001100237231221s9999 xx 000 0 und d a9780000000000 aEnglish a651.4 RAM;3 R aRaman, Meenakshi. Singh, Prakash. 0aBusiness communication a2nd ed. c2012bOxford University PressaNew Delhi axvii,650 cCD6176 aE.-509